| 000 | 00796nam a2200229 i 4500 | ||
|---|---|---|---|
| 001 | 179750 | ||
| 003 | ES-MaACL | ||
| 005 | 20250919130557.0 | ||
| 008 | 120118s2006 sp a |||| | spa d | ||
| 020 | _a84-96025-32-2 | ||
| 080 | _a087.5:82 | ||
| 100 | 1 |
_aMagdalena Calvo, Julio. _9149105 |
|
| 245 | 1 | 3 |
_aEl cuencacuentos / _c[textos, Julio Magdalena Calvo ; dibujos, Pedro Mercedes]. |
| 260 |
_aCuenca : _bDiputación Provincial de Cuenca, _c[2006] |
||
| 300 |
_a87 p. : _bil. ; _c23 cm. |
||
| 700 | 1 |
_aMercedes, Pedro, _d1921-2008 _9149106 |
|
| 710 | 1 |
_aCuenca (Provincia). _bDiputación Provincial. _93346 |
|
| 852 |
_aES-MaACL _9186650 _bR.146860 _jA-11893 _dOlim: N-4898 _cDEPO1 |
||
| 942 |
_2udc _cMONOGRAFIA |
||
| 999 |
_c179750 _d179750 |
||